Outsourcing the office (Record no. 63858)
[ view plain ]
| 000 -LEADER | |
|---|---|
| fixed length control field | 00822cam a2200229 4500 |
| 001 - CONTROL NUMBER | |
| control field | ABS62479 |
| 008 - FIXED-LENGTH DATA ELEMENTS--GENERAL INFORMATION | |
| fixed length control field | 000000n2000 000 0 eng u |
| 035 ## - SYSTEM CONTROL NUMBER | |
| System control number | (Sirsi) u106651 |
| 100 ## - MAIN ENTRY--PERSONAL NAME | |
| Personal name | Moody, M. |
| 245 ## - TITLE STATEMENT | |
| Title | Outsourcing the office |
| 260 ## - PUBLICATION, DISTRIBUTION, ETC. | |
| Date of publication, distribution, etc. | 2000 |
| 490 ## - SERIES STATEMENT | |
| Series statement | Facilities Management |
| Volume/sequential designation | 7(8) June 2000, 16-17(2) |
| 520 ## - SUMMARY, ETC. | |
| Summary, etc. | Describes the flexibility and opportunities serviced offices present to facilities managers. Gives a breakdown of comparative costs for conventional and serviced space, and looks at the take-up demand for office space provided by MWB Business Exchange. |
| 590 ## - LOCAL NOTE (RLIN) | |
| Local note | ABS |
| 650 ## - SUBJECT ADDED ENTRY--TOPICAL TERM | |
| Topical term or geographic name entry element | SERVICED OFFICES |
| 650 ## - SUBJECT ADDED ENTRY--TOPICAL TERM | |
| Topical term or geographic name entry element | FACILITIES MANAGERS |
| 650 ## - SUBJECT ADDED ENTRY--TOPICAL TERM | |
| Topical term or geographic name entry element | OFFICE SPACE |
| 650 ## - SUBJECT ADDED ENTRY--TOPICAL TERM | |
| Topical term or geographic name entry element | FLEXIBILITY |
| 650 ## - SUBJECT ADDED ENTRY--TOPICAL TERM | |
| Topical term or geographic name entry element | COST SAVINGS |
| 690 ## - LOCAL SUBJECT ADDED ENTRY--TOPICAL TERM (OCLC, RLIN) | |
| Topical term or geographic name as entry element | MANAGEMENT-FACILITIES MANAGEMENT |
| 942 ## - ADDED ENTRY ELEMENTS (KOHA) | |
| Suppress in OPAC | 0 |
| Withdrawn status | Lost status | Source of classification or shelving scheme | Damaged status | Not for loan | Home library | Current library | Shelving location | Date acquired | Total Checkouts | Full call number | Barcode | Date last seen | Copy number | Price effective from | Koha item type |
|---|---|---|---|---|---|---|---|---|---|---|---|---|---|---|---|
| Dewey Decimal Classification | London | London | Journal article | 22/06/2000 | ABS62479 | 106651-1001 | 06/08/2019 | 1 | 06/08/2019 | Journal article |